| 000 | 00869nac a22002537a 4500 | ||
|---|---|---|---|
| 001 | BR7600377 | ||
| 003 | BR-BrBNA | ||
| 005 | 20240105113910.0 | ||
| 008 | 230509b bl.|||m| |||| 00| 0 por d | ||
| 040 |
_aBR-BrBNA _bpor _cBiblioteca Nacional de Agricultura |
||
| 072 | _aE30; K00 | ||
| 090 | _aE30 BR7600377 | ||
| 110 | 1 |
_aInstituto Brasileiro de Desenvolvimento Florestal, Brasilia, DF _95726 |
|
| 245 | 1 | _aPlano de acao 1975 [Instituto Brasileiro de Desenvolvimento florestal] | |
| 260 | 3 |
_aBrasilia, DF (Brasil): _cJun 1975. |
|
| 300 | _a303 p. | ||
| 490 |
_aPlano de Acao - Instituto Brasileiro de Desenvolvimento Florestal (Brazil) _v _x |
||
| 500 | _a201 tables | ||
| 650 | _aDesenvolvimento agricola | ||
| 650 | _aCiencia florestal | ||
| 650 | _aDesenvolvimento florestal | ||
| 909 |
_a202312 _bLúcia Elande _c55 _dLúcia Elande |
||
| 942 |
_2AGRIS _n0 _cMS |
||
| 999 |
_c266227 _d266227 |
||